Zabezpečování potřeb dítěte se zrakovým postižením v raném a předškolním věku

Podrobná bibliografia
Hlavný autor: Květoňová-Švecová, Lea, 1963- (Autor)
Médium: Článok
Jazyk:slovenčina
čeština
Fyzický popis:Obr.
Predmet:

MARC

LEADER 00000nab a2200000 a 4500
001 vtls008983771
003 SK-MaSNL
005 20260304144425.0
008 250505c20062007xo mr|p|||n |000 b|slo
015 |a SNBRB2007/04 
035 |a (uuid)fa001cfa-64a8-4738-8955-58f62082a2d2 
035 |a urn:nbn:sk:snk-abc1mm 
035 |a (urnnbn)urn:nbn:sk:snk:ar-002hdn 
038 |a SPK 
040 |a SNKBUCL  |b slo  |c SNKBUCL  |e AACR2 
041 0 |a cze 
044 |a xo  |c SK 
072 7 |a 376  |x Výchova a vzdelávanie zvláštnych skupín osôb  |2 konspekt 
080 |a 376.352-053.4  |2 1997 
100 1 |a Květoňová-Švecová, Lea,  |d 1963-  |4 aut  |9 103151 
245 1 0 |a Zabezpečování potřeb dítěte se zrakovým postižením v raném a předškolním věku  |c Lea Květoňová 
300 |b Obr. 
504 |a Bibliogr. odkazy 
650 0 7 |a zrakovo postihnuté osoby  |2 snkbucl  |9 1168 
650 0 7 |a deti predškolského veku  |2 snkbucl  |9 4103 
773 0 |t Predškolská výchova  |g Roč. 61, č. 3 (2006/2007), s. 18-29 
850 |a Slovenská národná knižnica 
852 |a Slovenská národná knižnica 
958 |a article15 
958 |a NB  |2 spk 
958 |a OND 
958 |a EUIPO 
999 |c 2931213  |d 2933143